American Medical Association complete guide to prevention and wellness : What you need to know about preventing illness, staying healthy, and living longer
Offering a guide to preventing illness and promoting health, experts from the American Medical Association introduce the foundations of life-long wellness, describing how to prevent such ailments as heart disease, stroke, cancer, hypertension, and diabetes.
Gardado en:
| Autor Corporativo: | |
|---|---|
| Formato: | Libro |
| Idioma: | Undetermined |
| Publicado: |
Hoboken
Wiley
2008
|
| Những chủ đề: | |
| Các nhãn: |
Engadir etiqueta
Sen Etiquetas, Sexa o primeiro en etiquetar este rexistro!
|
| Thư viện lưu trữ: | Trung tâm Học liệu Trường Đại học Cần Thơ |
|---|
| LEADER | 00973nam a2200217Ia 4500 | ||
|---|---|---|---|
| 001 | CTU_187112 | ||
| 008 | 210402s9999 xx 000 0 und d | ||
| 020 | |c 14.48 | ||
| 082 | |a 613 | ||
| 082 | |b A512 | ||
| 110 | |a American Medical Association | ||
| 245 | 0 | |a American Medical Association complete guide to prevention and wellness : | |
| 245 | 0 | |b What you need to know about preventing illness, staying healthy, and living longer | |
| 245 | 0 | |c American Medical Association | |
| 260 | |a Hoboken | ||
| 260 | |b Wiley | ||
| 260 | |c 2008 | ||
| 520 | |a Offering a guide to preventing illness and promoting health, experts from the American Medical Association introduce the foundations of life-long wellness, describing how to prevent such ailments as heart disease, stroke, cancer, hypertension, and diabetes. | ||
| 650 | |a Health,Medicine, Preventive,Y học, dự phòng,Sức khỏe | ||
| 904 | |i Trúc | ||
| 980 | |a Trung tâm Học liệu Trường Đại học Cần Thơ | ||